| 000 | 00795na a2200277 4500 | ||
|---|---|---|---|
| 001 | 13992 | ||
| 003 | MIRAKIL | ||
| 005 | 20181213155306.0 | ||
| 008 | 161101b tu 000 0 | ||
| 020 | _a9759536528 | ||
| 035 | _a13992 | ||
| 040 |
_aMilas _btur _cTR-AnCHP |
||
| 041 | _atur | ||
| 082 |
_a923.8 Arslan,A. _bA67b 2007 |
||
| 090 | _a923.8 Arslan,A. A67b 2007 | ||
| 100 | _aArslan, Asım | ||
| 245 |
_aBir vatandaşın anıları _cAsım Arslan |
||
| 260 |
_aAnkara _b[yayl. y.] _c2007 |
||
| 300 |
_a287 s. _bres. _c19 sm. |
||
| 600 |
_aArslan, Asım _xAnılar |
||
| 650 |
_aDevlet memurları _xAnılar |
||
| 650 | _aTürk yazarlar | ||
| 651 |
_aTürkiye _xToplumsal yaşam _y1986- 2000 _zAnılar |
||
| 651 |
_aTürkiye _xSiyaset ve yönetim _y20. yüzyıl |
||
| 942 |
_2ddc _cBKS |
||
| 999 |
_c10081 _d10081 |
||